00000000nam 2200000zi 4500
0019.955816
003CaOODSP
00520251024100723
006m     o  d f      
007cr cn|||||||||
008250926t20252025quc     o    f000 0 fre d
020 |a9780660791340
040 |aCaOODSP|bfre|erda|cCaOODSP
043 |an-cn---
0861 |aEn14-534/2025F-PDF
24500|aAperçu du protocole fédéral de crédits compensatoires : |bréduction des émissions de méthane entérique des bovins de boucherie.
264 1|a[Gatineau, Québec] : |bEnvironnement et changement climatique Canada = Environment and Climate Change Canada, |c[2025]
264 4|c©2025
300 |a1 ressource en ligne (2 pages non numérotées)
336 |atexte|btxt|2rdacontent/fre
337 |ainformatique|bc|2rdamedia/fre
338 |aressource en ligne|bcr|2rdacarrier/fre
500 |aPublié aussi en anglais sous le titre : Federal offset protocol overview: reducing enteric methane emissions from beef cattle.
500 |a« EC25061 » -- Page [2].
650 6|aBovins de boucherie|xAlimentation|xAspect de l'environnement|zCanada.
650 6|aMéthane|xAspect de l'environnement|zCanada.
650 6|aGaz à effet de serre|xRéduction|zCanada.
7101 |aCanada. |bEnvironnement et changement climatique Canada, |eorganisme de publication.
77508|tFederal offset protocol overview : |w(CaOODSP)9.955813
85640|qPDF|s44.10 Ko|uhttps://publications.gc.ca/collections/collection_2025/eccc/En14-534-2025-fra.pdf
986 |aEC25061